2025-26 Philadelphia Eagles Roster - Statistics

General Stats
  • This quiz has been taken 375 times
    372 since last reset
  • The average score is 26 of 53
Answer Stats
Hint Answer % Correct
QB Jalen Hurts
100%
RB Saquon Barkley
93%
WR AJ Brown
92%
WR DeVonta Smith
91%
TE Dallas Goedert
90%
S Sydney Brown
86%
EDGE Nolan Smith
85%
CB Cooper DeJean
83%
OT Lane Johnson
83%
QB Tanner McKee
82%
OT Fred Johnson
79%
DT Jalen Carter
77%
WR Jahan Dotson
75%
RB Will Shipley
73%
C Cam Jurgens
72%
OT Jordan Mailata
72%
CB Quinyon Mitchell
72%
TE Grant Calcaterra
70%
DT Jordan Davis
68%
G Landon Dickerson
66%
LB Zack Baun
66%
S Reed Blankenship
65%
K Jake Elliott
62%
CB Adoree’ Jackson
54%
QB Sam Howell
52%
RB AJ Dillon
50%
P Braden Mann
50%
LB Jihaad Campbell
47%
CB Kelee Ringo
45%
WR Darius Cooper
44%
G Tyler Steen
43%
DT Moro Ojomo
42%
EDGE Jalyx Hunt
38%
S Andrew Mukuba
35%
FB Ben VanSumeren
28%
G Brett Toth
27%
WR John Metchie III
24%
LB Jeremiah Trotter Jr.
22%
TE Kylen Granson
20%
EDGE Joshua Uche
19%
DT Ty Robinson
19%
CB Jakorian Bennett
18%
OT Cameron Williams
16%
DT Byron Young
14%
EDGE Azeez Ojulari
11%
G Matt Pryor
11%
CB Mac McWilliams
9%
LB Smael Mondon Jr.
9%
S Tristin McCollum
7%
DT Gabe Hall
6%
G Trevor Keegan
6%
C Drew Kendall
5%
EDGE Ogbo Okoronkwo
2%
No matching quizzes found
Score Distribution
Percent of People with Each Score
Percentile by Number Answered
Your Score History
You have not taken this quiz since the last reset